000 00726cam a2200229 a 4500
999 _c4023
_d4023
003 OSt
005 20220317070214.0
008 220317b ||||| |||| 00| 0 eng d
040 _cALUPE UNIVERSITY
050 _aRT84.5
_b.P43 1986
100 1 _aPearson, Alan,
_cSRN
245 1 0 _aNursing models for practice /
_cAlan Pearson, Barbara Vaughan.
260 _aOxford, Eng.;
_aBoston :
_bButterworth-Heinemann,
_cc1986.
300 _a174 p. :
_bill. ;
_c25 cm.
504 _aIncludes bibliographical references (p. 167-169) and index.
650 0 _aNursing
_xPhilosophy.
650 2 _aModels, Theoretical
_xnurses' instruction
650 0 _aNursing.
700 1 _aVaughan, Barbara,
_cSRN
930 1 _hRT84.5
942 _2lcc
_cBK